00428nam a22001337a 450000500170000000800410001704100130005808200120007110000130008324500940009626000470019030000310023765000260026820240717134109.0240717b |||||||| |||| 00| 0 eng d aEnglish  a349 SOU lEnglish  aSouth African Law Reports :bwith which are amalgamated The All South Africa Law Reports  aCape Town: bJuta and Company Ltd, c1962  bxii, 921 pages ; c26 cm.  aLegal practice bLaw